| 000 | 00602nam a2200229 a 4500 | ||
|---|---|---|---|
| 999 |
_c5561 _d5561 |
||
| 001 | 5561 | ||
| 003 | BD-JhCC | ||
| 005 | 20220519134021.0 | ||
| 008 | 171218s19812011ii |||| || | 000 0 eng d | ||
| 035 | _a(BD-JhCC)5561 | ||
| 040 |
_aBD-JhCC _dBD-JhCC |
||
| 041 | _aeng | ||
| 082 |
_a515.3 _bDAS 2011 |
||
| 100 | _aDas, B. C. | ||
| 245 |
_aDifferential Calculus / _c B. C. Das, B N Mukherjee, |
||
| 260 |
_aCalcutta : _bU. N. Dhur & Sons Private Ltd, _c2011. |
||
| 300 |
_a475 p. : _c18 cm. |
||
| 650 | _aDefferential Calculus | ||
| 700 | _aMukherjee, B N | ||
| 942 |
_2ddc _cBK _03 |
||